[Event "4rd Memory of Nebesna Sotnya-2017 B"]
[Site "Lutsk"]
[Date "2017.02.17"]
[Round "4.1"]
[White "Bortnyk, Mykola"]
[Black "Grekh, Andrey"]
[Result "1/2-1/2"]
[WhiteElo "2624"]
[BlackElo "2347"]
[PlyCount "139"]
[EventDate "2017.02.17"]
[EventType "swiss (blitz)"]
[EventRounds "15"]
[EventCountry "UKR"]

1. e4 c5 2. c3 d5 3. exd5 Qxd5 4. d4 Nf6 5. Be3 cxd4 6. cxd4 e6 7. Nc3 Qd6 8.
Nf3 Nc6 9. Bd3 Be7 10. a3 O-O 11. O-O b6 12. Qe2 Bb7 13. Rad1 Rfd8 14. Rfe1
Rac8 15. Bb1 g6 16. h3 Qb8 17. Bg5 Nd5 18. Ne4 Qc7 19. Ba2 Bxg5 20. Nfxg5 Qf4
21. g3 Qf5 22. Qd2 h6 23. Bxd5 hxg5 24. g4 Qf4 25. Bxc6 Bxc6 26. Nxg5 Qd6 27.
Ne4 Bxe4 28. Rxe4 Rc4 29. Qe3 Qc6 30. h4 Rd5 31. Re5 Rxe5 32. Qxe5 Qf3 33. Re1
Qxg4+ 34. Qg3 Qxd4 35. h5 Qg4 36. hxg6 fxg6 37. Qxg4 Rxg4+ 38. Kf1 Kf7 39. Rc1
Ra4 40. Ke2 Kf6 41. Ke3 Ra5 42. Rc7 a6 43. Ra7 Re5+ 44. Kd3 a5 45. Rb7 Rb5 46.
Kc3 a4 47. Ra7 Rb3+ 48. Kc2 Rf3 49. Rxa4 Rxf2+ 50. Kc3 g5 51. Rb4 Rf3+ 52. Kd2
Rf2+ 53. Ke3 Rc2 54. Rxb6 g4 55. a4 g3 56. Rb8 Kf7 57. Rb7+ Kf6 58. Rb8 g2 59.
Rg8 Rxb2 60. Kf3 Ra2 61. Rxg2 Rxa4 62. Rb2 Kf5 63. Rb5+ e5 64. Rb3 Rc4 65. Rb8
Rc3+ 66. Kf2 Kf4 67. Ke2 Rc2+ 68. Ke1 e4 69. Rb3 Rh2 70. Ra3 1/2-1/2

[Event "4rd Memory of Nebesna Sotnya-2017 B"]
[Site "Lutsk"]
[Date "2017.02.17"]
[Round "4.2"]
[White "Klymchuk, Andriy"]
[Black "Alexikov, Alexander"]
[Result "1-0"]
[WhiteElo "2495"]
[BlackElo "2339"]
[PlyCount "99"]
[EventDate "2017.02.17"]
[EventType "swiss (blitz)"]
[EventRounds "15"]
[EventCountry "UKR"]

1. g3 Nf6 2. Bg2 g6 3. Nf3 Bg7 4. O-O O-O 5. d3 c5 6. e4 d6 7. Re1 Nc6 8. Nbd2
Rb8 9. a4 a6 10. h3 Qc7 11. Nf1 b5 12. axb5 axb5 13. Bf4 Nh5 14. Bc1 Nf6 15.
Bg5 h6 16. Be3 e5 17. g4 h5 18. g5 Nh7 19. c3 Re8 20. b3 b4 21. c4 Bd7 22. Bd2
Qc8 23. Kh2 Nf8 24. Ne3 Ne6 25. Nd5 Qd8 26. Ra6 Ra8 27. Rxa8 Qxa8 28. Be3 Qb7
29. Nf6+ Bxf6 30. gxf6 Kh7 31. Ng5+ Nxg5 32. Bxg5 Nd4 33. f4 exf4 34. Bxf4 Qc7
35. Kh1 Nc6 36. Bc1 Rh8 37. Qf3 Be6 38. Bf4 Ne5 39. Qg3 Kg8 40. Ra1 Qb7 41.
Bxe5 dxe5 42. Qxe5 Kh7 43. Qxc5 Qd7 44. Qe3 Rd8 45. Rd1 Qd4 46. Qxd4 Rxd4 47.
h4 g5 48. hxg5 Kg6 49. Kg1 Kxg5 50. Kf2 1-0

[Event "4rd Memory of Nebesna Sotnya-2017 B"]
[Site "Lutsk"]
[Date "2017.02.17"]
[Round "4.3"]
[White "Fingerov, Dmitry"]
[Black "Firman, Nazar"]
[Result "1-0"]
[WhiteElo "2335"]
[BlackElo "2419"]
[PlyCount "79"]
[EventDate "2017.02.17"]
[EventType "swiss (blitz)"]
[EventRounds "15"]
[EventCountry "UKR"]

1. e4 g6 2. d4 Bg7 3. Nc3 d6 4. Nf3 Nf6 5. e5 dxe5 6. dxe5 Qxd1+ 7. Kxd1 Ng4 8.
Nd5 O-O 9. Nxc7 Nxf2+ 10. Ke1 Nxh1 11. Nxa8 Nc6 12. Bf4 Bg4 13. Be2 Rxa8 14. h3
Bxf3 15. Bxf3 Bxe5 16. Bxe5 Nxe5 17. Bxb7 Rb8 18. Bd5 Rxb2 19. Bb3 a5 20. Kd1
a4 21. Kc1 a3 22. Kd2 Ng3 23. Re1 Nc6 24. Kc3 e6 25. Re3 Nf5 26. Re4 Na5 27.
Ra4 Nxb3 28. axb3 Rb1 29. Rxa3 Rg1 30. b4 Rxg2 31. b5 Rg3+ 32. Kb4 Rxa3 33.
Kxa3 Ne7 34. Kb4 f5 35. Kc5 f4 36. b6 f3 37. b7 Kf7 38. b8=Q Nf5 39. Qf4 Kf6
40. Qxf3 1-0

[Event "4rd Memory of Nebesna Sotnya-2017 B"]
[Site "Lutsk"]
[Date "2017.02.17"]
[Round "4.4"]
[White "Lukiyanchuk, Vladislav"]
[Black "Budnikov, Oleg"]
[Result "0-1"]
[WhiteElo "2332"]
[BlackElo "2418"]
[PlyCount "78"]
[EventDate "2017.02.17"]
[EventType "swiss (blitz)"]
[EventRounds "15"]
[EventCountry "UKR"]

1. Nf3 g6 2. g3 Bg7 3. d4 d6 4. Bg2 Nd7 5. c4 e5 6. Nc3 Ne7 7. O-O O-O 8. b3
Nf5 9. dxe5 dxe5 10. Bg5 f6 11. Bc1 c6 12. Ba3 Re8 13. e3 Bf8 14. Bxf8 Nxf8 15.
Qc2 Qe7 16. Rad1 Ne6 17. Ne4 Kg7 18. g4 Nh6 19. g5 Nxg5 20. Nfxg5 fxg5 21. Qc3
Bg4 22. f3 Bf5 23. Nd6 Red8 24. c5 Nf7 25. e4 Be6 26. f4 gxf4 27. Rxf4 Kg8 28.
Rf2 Nxd6 29. cxd6 Rxd6 30. Rdf1 Qg5 31. h4 Qh5 32. Bf3 Qxh4 33. Qxe5 Rad8 34.
Bg2 Qh5 35. Qf6 Bc4 36. Qe7 Bxf1 37. Rf7 Bxg2 38. Rg7+ Kh8 39. Qe5 Qxe5 0-1

[Event "4rd Memory of Nebesna Sotnya-2017 B"]
[Site "Lutsk"]
[Date "2017.02.17"]
[Round "4.5"]
[White "Razin, Vadim"]
[Black "Vusatiuk, Vladimir"]
[Result "1/2-1/2"]
[WhiteElo "2416"]
[BlackElo "2237"]
[PlyCount "120"]
[EventDate "2017.02.17"]
[EventType "swiss (blitz)"]
[EventRounds "15"]
[EventCountry "UKR"]

1. d4 d5 2. Nf3 Nf6 3. c4 dxc4 4. e3 e6 5. Bxc4 c5 6. O-O a6 7. Nc3 b5 8. Bd3
Nbd7 9. Qe2 Bb7 10. Rd1 Qb8 11. a4 b4 12. Nb1 Bd6 13. Nbd2 O-O 14. h3 Rd8 15.
Nc4 Bc7 16. e4 cxd4 17. Nxd4 Ne5 18. Nxe5 Bxe5 19. Nf3 Bc7 20. Bg5 Bf4 21. Bh4
Qa7 22. Bxf6 gxf6 23. Nh2 Qc5 24. Ng4 Qg5 25. g3 Bc7 26. h4 Qg7 27. Rac1 Rac8
28. Ne3 Bb6 29. Ng4 Rxc1 30. Rxc1 h5 31. Ne3 Qg6 32. Rc4 a5 33. Rc2 Bxe4 34.
Bxe4 Qxe4 35. Rc4 Qg6 36. Kg2 f5 37. Qf3 Rd2 38. Rc8+ Kh7 39. Qf4 Bxe3 40. Qxe3
Rd5 41. Qf3 Qg4 42. Qe3 Qe4+ 43. Qxe4 fxe4 44. Rc4 Re5 45. Kf1 Kg6 46. Ke2 f5
47. Ke3 Rd5 48. Rc6 Kf6 49. Ra6 Rd3+ 50. Ke2 Rd5 51. Ra8 Rc5 52. Kd2 Rd5+ 53.
Ke2 Rc5 54. Kd2 Rd5+ 55. Ke2 Rc5 56. Kd2 Rd5+ 57. Ke2 Rc5 58. Kd2 Rd5+ 59. Ke2
Rc5 60. Kd2 Rd5+ 1/2-1/2

[Event "4rd Memory of Nebesna Sotnya-2017 B"]
[Site "Lutsk"]
[Date "2017.02.17"]
[Round "4.6"]
[White "Shymanskyi, Oleksandr"]
[Black "Omelja, Artem"]
[Result "1-0"]
[WhiteElo "2304"]
[BlackElo "2405"]
[PlyCount "63"]
[EventDate "2017.02.17"]
[EventType "swiss (blitz)"]
[EventRounds "15"]
[EventCountry "UKR"]

1. b3 Nf6 2. Bb2 e6 3. e3 d5 4. f4 c5 5. Nf3 a6 6. a4 Nc6 7. Bd3 Bd6 8. O-O Qc7
9. Qe1 e5 10. fxe5 Nxe5 11. Nxe5 Bxe5 12. Bxe5 Qxe5 13. Nc3 b6 14. Qh4 Ra7 15.
h3 h6 16. Qf4 Re7 17. Rf2 Bb7 18. Raf1 O-O 19. Qh4 Qh5 20. Qg3 Qe5 21. Qh4 Qh5
22. Qg3 Qe5 23. Qh4 Qh5 24. Qf4 Qe5 25. Qh4 Qh5 26. Qg3 Qe5 27. Qh4 Qh5 28. Qg3
Qe5 29. Qh4 d4 30. Rxf6 gxf6 31. Qxh6 f5 32. Rxf5 1-0

[Event "4rd Memory of Nebesna Sotnya-2017 B"]
[Site "Lutsk"]
[Date "2017.02.17"]
[Round "4.7"]
[White "Khabichev, Valeriy"]
[Black "Polyakov, Maxim"]
[Result "0-1"]
[WhiteElo "2215"]
[BlackElo "2402"]
[PlyCount "108"]
[EventDate "2017.02.17"]
[EventType "swiss (blitz)"]
[EventRounds "15"]
[EventCountry "UKR"]

1. d4 c5 2. d5 Nf6 3. c4 g6 4. Nc3 Bg7 5. Nf3 O-O 6. e4 e6 7. Be2 d6 8. O-O Na6
9. Bg5 h6 10. Bh4 e5 11. Ne1 g5 12. Bg3 Nc7 13. a3 b6 14. b4 h5 15. Bxh5 g4 16.
Bh4 Qd7 17. Bxf6 Bxf6 18. Nc2 Bg5 19. f3 gxf3 20. Qxf3 f5 21. exf5 Rxf5 22. Qg3
Qg7 23. Bg4 Rf4 24. Bxc8 Rxc8 25. Rxf4 exf4 26. Qf3 Re8 27. Re1 Rxe1+ 28. Nxe1
Qd4+ 29. Kh1 Qd2 30. Qe4 Qxc3 31. bxc5 bxc5 32. h4 Bxh4 33. Nf3 Bg3 34. Qg6+
Qg7 35. Qg5 Qxg5 36. Nxg5 Kg7 37. Ne4 Ne8 38. Kg1 Kg6 39. Kf1 Kf5 40. Nc3 Nc7
41. Ke2 Bh2 42. Kf3 Bg1 43. Ne4 Ne8 44. g4+ fxg3 45. Nxg3+ Ke5 46. Ne2 Bd4 47.
Nf4 Nc7 48. Ng6+ Kf6 49. Nf4 Kf5 50. Nh5 Be5 51. Ke3 Kg6 52. Nf4+ Bxf4+ 53.
Kxf4 Kf6 54. Ke4 Kg5 0-1

[Event "4rd Memory of Nebesna Sotnya-2017 B"]
[Site "Lutsk"]
[Date "2017.02.17"]
[Round "4.8"]
[White "Maliutin, Oleksandr"]
[Black "Matviishen, Viktor"]
[Result "1-0"]
[WhiteElo "2180"]
[BlackElo "2375"]
[PlyCount "92"]
[EventDate "2017.02.17"]
[EventType "swiss (blitz)"]
[EventRounds "15"]
[EventCountry "UKR"]

1. c4 c5 2. Nf3 b6 3. b3 Bb7 4. Bb2 Nf6 5. g3 g6 6. Bg2 Bg7 7. O-O O-O 8. Qc2
Nc6 9. a3 d5 10. cxd5 Nxd5 11. Bxg7 Kxg7 12. Rd1 Rc8 13. Nc3 Nd4 14. Qb2 Nf6
15. Rac1 Nxf3+ 16. exf3 Qd4 17. Qc2 a6 18. Ne4 Nd7 19. f4 e5 20. f5 gxf5 21.
Nd6 Qxd6 22. Bxb7 Rc7 23. Bxa6 Ra8 24. Bc4 Qf6 25. a4 e4 26. d3 Re8 27. dxe4
fxe4 28. Re1 Ne5 29. Rxe4 Rce7 30. Be2 Qg6 31. Re3 Qf6 32. Qc3 Kg8 33. a5 bxa5
34. Qxc5 Ng6 35. Rxe7 Rxe7 36. Bc4 Qb2 37. Rf1 Qa2 38. b4 Qa3 39. Qxa5 Qc3 40.
Qd8+ Kg7 41. Qd5 Rc7 42. Be2 Qxb4 43. Rd1 Re7 44. Bf3 Ne5 45. Bg2 Qa4 46. Qd4
Qa8 1-0

[Event "4rd Memory of Nebesna Sotnya-2017 B"]
[Site "Lutsk"]
[Date "2017.02.17"]
[Round "5.1"]
[White "Solovchuk, Alexey"]
[Black "Klymchuk, Andriy"]
[Result "1/2-1/2"]
[WhiteElo "2356"]
[BlackElo "2495"]
[PlyCount "43"]
[EventDate "2017.02.17"]
[EventType "swiss (blitz)"]
[EventRounds "15"]
[EventCountry "UKR"]

1. c4 g6 2. Nc3 Bg7 3. g3 d6 4. Bg2 e5 5. d3 Nd7 6. e4 Ne7 7. Nge2 O-O 8. O-O
a5 9. Be3 Nc6 10. f4 exf4 11. gxf4 f5 12. exf5 Rxf5 13. Ng3 Rf8 14. f5 Nde5 15.
fxg6 Rxf1+ 16. Qxf1 hxg6 17. Bd5+ Kh8 18. Nce4 Qh4 19. Ng5 Ng4 20. Nf7+ Kh7 21.
Ng5+ Kh8 22. Nf7+ 1/2-1/2

[Event "4rd Memory of Nebesna Sotnya-2017 B"]
[Site "Lutsk"]
[Date "2017.02.17"]
[Round "5.2"]
[White "Budnikov, Oleg"]
[Black "Fingerov, Dmitry"]
[Result "1/2-1/2"]
[WhiteElo "2418"]
[BlackElo "2335"]
[PlyCount "117"]
[EventDate "2017.02.17"]
[EventType "swiss (blitz)"]
[EventRounds "15"]
[EventCountry "UKR"]

1. Nf3 Nf6 2. c4 c6 3. d4 d5 4. Nc3 dxc4 5. a4 e6 6. e3 c5 7. Bxc4 Be7 8. O-O
O-O 9. Qe2 cxd4 10. exd4 Nc6 11. Rd1 Nb4 12. Ne5 b6 13. Bg5 Nfd5 14. Bxd5 exd5
15. Bxe7 Qxe7 16. Qf3 Be6 17. Rac1 Rac8 18. h3 Qf6 19. Qxf6 gxf6 20. Nd3 Nxd3
21. Rxd3 Rc4 22. b3 Rc6 23. Rdd1 Rfc8 24. Ne2 Rc2 25. Rxc2 Rxc2 26. Nf4 Rc3 27.
Rd3 Rc1+ 28. Kh2 Kf8 29. Rf3 Bf5 30. Nh5 Be4 31. Rxf6 Rc3 32. Nf4 Rxb3 33. f3
Bg6 34. Rd6 Rb4 35. a5 bxa5 36. Rxd5 a4 37. Ne2 Bd3 38. Nc3 Bf1 39. Kg1 Bc4 40.
Ra5 Bb3 41. Rxa7 Rxd4 42. Kf2 Rc4 43. Ne4 Rc2+ 44. Kg3 h6 45. Ra5 Kg7 46. Nc5
Bc4 47. Rxa4 Bf1 48. Ne4 Rxg2+ 49. Kf4 Rg6 50. h4 Bd3 51. Ng3 Rf6+ 52. Ke3 Bg6
53. h5 Bh7 54. Ra5 Re6+ 55. Kf4 Rf6+ 56. Kg4 Rc6 57. Ra7 Rc4+ 58. f4 Bc2 59.
Ra1 1/2-1/2

[Event "4rd Memory of Nebesna Sotnya-2017 B"]
[Site "Lutsk"]
[Date "2017.02.17"]
[Round "5.3"]
[White "Polyakov, Maxim"]
[Black "Shymanskyi, Oleksandr"]
[Result "1-0"]
[WhiteElo "2402"]
[BlackElo "2304"]
[PlyCount "237"]
[EventDate "2017.02.17"]
[EventType "swiss (blitz)"]
[EventRounds "15"]
[EventCountry "UKR"]

1. d4 d5 2. Bf4 c6 3. e3 Bf5 4. c4 e6 5. Qb3 Qb6 6. c5 Qxb3 7. axb3 Bxb1 8.
Rxb1 a6 9. b4 Nd7 10. Nf3 Be7 11. Ra1 Rc8 12. Bd3 Ngf6 13. h3 Bd8 14. Ne5 Nxe5
15. Bxe5 Bc7 16. f4 O-O 17. Bxf6 gxf6 18. g4 e5 19. Bf5 Rce8 20. O-O exd4 21.
exd4 Re2 22. Rf2 Rfe8 23. Raf1 a5 24. bxa5 Bxa5 25. Rxe2 Rxe2 26. Rf2 Re8 27.
Kg2 h6 28. Kf3 Kf8 29. Rf1 Bd2 30. Rd1 Bb4 31. Rd3 Rb8 32. Rb3 Ba5 33. Bd7 Bc7
34. Ra3 Ke7 35. Bf5 b6 36. Ra7 Kd8 37. b4 bxc5 38. bxc5 Rb3+ 39. Ke2 Rxh3 40.
Ra8+ Ke7 41. Rc8 Bxf4 42. Rxc6 Rh2+ 43. Kf3 Bb8 44. Rb6 Bc7 45. Rb7 Kd8 46. Ra7
Rd2 47. Ke3 Rd1 48. Ra8+ Ke7 49. Rc8 Bg3 50. c6 Rc1 51. Kd2 Rc4 52. Kd3 Bf2 53.
c7 Rxd4+ 54. Ke2 Rc4 55. Kxf2 Kd6 56. Rh8 Rxc7 57. Rxh6 Ke5 58. Rh8 Kf4 59. Rd8
Ke5 60. Ke3 Rc3+ 61. Kd2 Rg3 62. Rd7 Rg2+ 63. Ke3 Rg3+ 64. Kf2 Ra3 65. Rxf7
Ra2+ 66. Kf3 Ra3+ 67. Ke2 Ra2+ 68. Kd3 Ra3+ 69. Kc2 Ra2+ 70. Kb3 Rh2 71. Re7+
Kf4 72. Re6 Kg5 73. Kc3 Rh1 74. Rd6 Rd1 75. Kb4 Rd2 76. Kc5 Rd1 77. Rxd5 Re1
78. Kd4 Re7 79. Rd7 Re5 80. Rg7+ Kf4 81. Rg6 Re8 82. Rxf6 Rd8+ 83. Kc3 Kg5 84.
Rg6+ Kf4 85. Rc6 Kg5 86. Rg6+ Kf4 87. Rg7 Rd6 88. Kc4 Rd1 89. Kc5 Ke5 90. Re7+
Kf6 91. Re8 Rd2 92. Kc6 Rd1 93. Kc7 Rd2 94. Rd8 Re2 95. Kd7 Rd2+ 96. Ke8 Re2+
97. Kf8 Rh2 98. Rd6+ Kg5 99. Rg6+ Kf4 100. Kf7 Ke5 101. Rg7 Ra2 102. Kg6 Kf4
103. Re7 Ra4 104. Rb7 Rd4 105. Rb1 Rd6+ 106. Kh5 Rd8 107. Rf1+ Ke5 108. Bh7 Rd2
109. g5 Rh2+ 110. Kg6 Rg2 111. Bg8 Rb2 112. Rf5+ Kd6 113. Rf6+ Ke7 114. Bd5 Rd2
115. Be4 Rd4 116. Bf5 Rd5 117. Ra6 Rb5 118. Ra7+ Kf8 119. Kf6 1-0

[Event "4rd Memory of Nebesna Sotnya-2017 B"]
[Site "Lutsk"]
[Date "2017.02.17"]
[Round "5.4"]
[White "Gritsak, Orest"]
[Black "Maliutin, Oleksandr"]
[Result "1-0"]
[WhiteElo "2497"]
[BlackElo "2180"]
[PlyCount "121"]
[EventDate "2017.02.17"]
[EventType "swiss (blitz)"]
[EventRounds "15"]
[EventCountry "UKR"]

1. Nf3 Nf6 2. c4 g6 3. g3 Bg7 4. Bg2 O-O 5. O-O d6 6. Nc3 e5 7. b3 c6 8. Bb2
Qc7 9. Qc2 Nbd7 10. d4 Re8 11. e3 a6 12. Rac1 Nf8 13. Rfd1 Bf5 14. e4 Bg4 15.
d5 c5 16. h3 Bxf3 17. Bxf3 h5 18. h4 N8h7 19. Kg2 Kh8 20. Rh1 Qd7 21. Qe2 Rab8
22. Nd1 b5 23. Ne3 Qc7 24. Rc2 Nd7 25. g4 hxg4 26. Bxg4 Ndf6 27. h5 Nxe4 28.
hxg6 fxg6 29. Be6 Rf8 30. Qg4 Rf4 31. Qxg6 Bf6 32. f3 Neg5 33. Ng4 Qg7 34.
Qxg7+ Kxg7 35. Bc1 Nxe6 36. dxe6 Rd4 37. Ne3 Kg6 38. Nd5 Ng5 39. e7 Re8 40.
Nxf6 Kxf6 41. Rh6+ Kf5 42. Rh5 Rf4 43. Bxf4 Kxf4 44. Rh4+ Kf5 45. Rd2 Rxe7 46.
Rxd6 bxc4 47. Rxc4 Ne6 48. Rxa6 Nf4+ 49. Kf2 Rd7 50. Raa4 Rd2+ 51. Ke1 Rb2 52.
Rxf4+ exf4 53. Rc4 Rxa2 54. Rxc5+ Ke6 55. Rc4 Rb2 56. b4 Kd5 57. Rxf4 Ke5 58.
Re4+ Kd5 59. Kf1 Ra2 60. Re2 Ra4 61. Rb2 1-0

[Event "4rd Memory of Nebesna Sotnya-2017 B"]
[Site "Lutsk"]
[Date "2017.02.17"]
[Round "5.5"]
[White "Grekh, Andrey"]
[Black "Bogdanovich, Stanislav"]
[Result "1-0"]
[WhiteElo "2347"]
[BlackElo "2714"]
[PlyCount "167"]
[EventDate "2017.02.17"]
[EventType "swiss (blitz)"]
[EventRounds "15"]
[EventCountry "UKR"]

1. e4 e5 2. Nf3 Nc6 3. Bc4 Bc5 4. c3 Nf6 5. b4 Bb6 6. d3 O-O 7. O-O d6 8. Nbd2
Ne7 9. a4 c6 10. a5 Bc7 11. a6 b5 12. Bb3 Ng6 13. Re1 Nh5 14. Nf1 Nhf4 15. Ne3
Qf6 16. d4 Bb6 17. Nf1 Bg4 18. Ne3 Nh3+ 19. Kf1 Bxf3 20. Qxf3 Qxf3 21. gxf3
exd4 22. cxd4 Bxd4 23. Ra2 Nh4 24. Bd1 h5 25. Ng2 Bf6 26. f4 g5 27. Nxh4 gxh4
28. Ra3 Nxf2 29. Kxf2 Kh7 30. Bxh5 Rae8 31. Bg4 Rg8 32. Bf5+ Kh6 33. Be3 Rg7
34. Rg1 Rxg1 35. Kxg1 d5 36. Bd7 Rxe4 37. Bxc6 Rxb4 38. Bxd5 Rb2 39. Ra2 Rb1+
40. Kf2 b4 41. f5+ Kg7 42. Be4 Rd1 43. Bc2 Rd7 44. Bb3 Rd3 45. Bc4 Rc3 46. Bd5
b3 47. Bxb3 Rxb3 48. Bxa7 Be7 49. Be3 Rb8 50. a7 Ra8 51. Rb2 Bd6 52. Rb7 Kf6
53. h3 Kxf5 54. Rxf7+ Ke4 55. Rd7 Be5 56. Rh7 Bg3+ 57. Ke2 Rc8 58. Re7+ Kd5 59.
Rb7 Kc6 60. Rb6+ Kd5 61. Ra6 Ra8 62. Ra5+ Ke4 63. Ra6 Be5 64. Ra4+ Kd5 65. Rxh4
Kc6 66. Rh7 Bc7 67. Rh6+ Kb7 68. Rh4 Re8 69. Ra4 Ka8 70. h4 Rh8 71. Kf3 Rf8+
72. Kg4 Re8 73. Bf2 Re2 74. Kf3 Rb2 75. Re4 Rb3+ 76. Kg4 Rd3 77. Re8+ Rd8 78.
Rxd8+ Bxd8 79. h5 Bf6 80. Kf5 Bg7 81. Kg6 Bf8 82. Bd4 Kb7 83. Bg7 Bc5 84. h6
1-0

[Event "4rd Memory of Nebesna Sotnya-2017 B"]
[Site "Lutsk"]
[Date "2017.02.17"]
[Round "5.6"]
[White "Rakhmangulov, Andrei"]
[Black "Bortnyk, Mykola"]
[Result "0-1"]
[WhiteElo "2315"]
[BlackElo "2624"]
[PlyCount "100"]
[EventDate "2017.02.17"]
[EventType "swiss (blitz)"]
[EventRounds "15"]
[EventCountry "UKR"]

1. d4 e6 2. Nf3 Nf6 3. Bg5 c5 4. e3 Nc6 5. c3 cxd4 6. exd4 Be7 7. Bd3 a6 8. O-O
O-O 9. Nbd2 b5 10. a4 b4 11. c4 d5 12. c5 h6 13. Bh4 Nh5 14. Bxe7 Qxe7 15. Re1
Nf4 16. Bf1 a5 17. g3 Ng6 18. Bd3 Ba6 19. Bb5 Qb7 20. Qe2 Rfb8 21. Bxa6 Qxa6
22. Qxa6 Rxa6 23. Nb3 Re8 24. h4 f6 25. Rad1 Kf7 26. Re3 Nge7 27. h5 Ra7 28.
Rde1 Nc8 29. Kg2 Rae7 30. Nh4 e5 31. Nf5 Re6 32. f4 e4 33. R3e2 N6e7 34. Nxe7
R8xe7 35. Rc1 Na7 36. Nxa5 Ra6 37. Nb3 Rxa4 38. c6 Rc7 39. Rec2 Ra6 40. Rc5
Raxc6 41. Ra1 Rxc5 42. Nxc5 Nb5 43. Nb3 Rc2+ 44. Kh3 Rxb2 45. Nc5 Rc2 46. Ra5
Nxd4 47. Ra7+ Ke8 48. Nb7 Rc7 49. Ra8+ Kd7 50. Na5 e3 0-1

[Event "4rd Memory of Nebesna Sotnya-2017 B"]
[Site "Lutsk"]
[Date "2017.02.17"]
[Round "5.7"]
[White "Vusatiuk, Vladimir"]
[Black "Bernadskiy, Vitaliy"]
[Result "0-1"]
[WhiteElo "2237"]
[BlackElo "2507"]
[PlyCount "40"]
[EventDate "2017.02.17"]
[EventType "swiss (blitz)"]
[EventRounds "15"]
[EventCountry "UKR"]

1. e4 c6 2. Nc3 d5 3. Nf3 Bg4 4. h3 Bxf3 5. Qxf3 e6 6. d3 Nd7 7. Bd2 Bc5 8.
O-O-O Ne7 9. g4 b5 10. g5 Qb6 11. Rh2 a5 12. h4 a4 13. Bh3 b4 14. Nb1 b3 15.
cxb3 axb3 16. a3 Ne5 17. Qg3 Bd4 18. f4 Bf2 19. Rxf2 Qxf2 20. Be1 Qc2# 0-1

[Event "4rd Memory of Nebesna Sotnya-2017 B"]
[Site "Lutsk"]
[Date "2017.02.17"]
[Round "5.8"]
[White "Onischuk, Vladimir"]
[Black "Razin, Vadim"]
[Result "1/2-1/2"]
[WhiteElo "2684"]
[BlackElo "2416"]
[PlyCount "94"]
[EventDate "2017.02.17"]
[EventType "swiss (blitz)"]
[EventRounds "15"]
[EventCountry "UKR"]

1. e4 e6 2. d4 d5 3. Bd3 dxe4 4. Bxe4 Nf6 5. Bf3 c5 6. Ne2 Nc6 7. Be3 Be7 8.
Nbc3 cxd4 9. Nxd4 Nxd4 10. Qxd4 O-O 11. Qxd8 Rxd8 12. Rd1 Rxd1+ 13. Kxd1 Bd7
14. Ke2 Kf8 15. Rd1 Ke8 16. a4 Bc6 17. Nb5 Bxf3+ 18. Kxf3 Rc8 19. Nxa7 Rxc2 20.
Rd2 Rc4 21. b3 Rc3 22. Nb5 Rxb3 23. Nc7+ Kf8 24. Ke2 Ne4 25. Rd4 Rb2+ 26. Kf3
Nd6 27. Rf4 g5 28. Rd4 h5 29. h3 Ra2 30. g4 hxg4+ 31. hxg4 Rb2 32. Kg2 Ra2 33.
Kf3 Rc2 34. Nb5 Nc4 35. Kg3 Nxe3 36. fxe3 Ra2 37. Rc4 Kg7 38. Rc7 Bf6 39. Rc4
Be5+ 40. Kf3 Rh2 41. Ke4 Bg3 42. Nd4 Ra2 43. Rb4 Bd6 44. Rc4 Be7 45. Kf3 Bf6
46. Nb5 Be5 47. Ke4 Bg3 1/2-1/2

[Event "4rd Memory of Nebesna Sotnya-2017 B"]
[Site "Lutsk"]
[Date "2017.02.17"]
[Round "6.1"]
[White "Bortnyk, Mykola"]
[Black "Polyakov, Maxim"]
[Result "1-0"]
[WhiteElo "2624"]
[BlackElo "2402"]
[Annotator ",Àäìèíèñòðàòîð"]
[PlyCount "80"]
[EventDate "2017.02.17"]
[EventType "swiss (blitz)"]
[EventRounds "15"]
[EventCountry "UKR"]

1. e4 e5 2. Nf3 Nc6 3. Bb5 Nf6 4. Qe2 Bd6 5. O-O O-O 6. c3 Re8 7. h3 Bf8 8. d3
d6 9. Rd1 Bd7 10. Nbd2 a6 11. Ba4 Ne7 12. Bb3 h6 13. Nf1 Ng6 14. Ng3 Be6 15.
Bxe6 fxe6 16. d4 Nf4 17. Qf1 N6h5 18. dxe5 Qe7 19. exd6 cxd6 20. Nxh5 Nxh5 21.
e5 d5 22. Rd4 Qf7 23. Qd3 Bc5 24. Rg4 Kh8 25. Be3 Bxe3 26. Qxe3 Rf8 27. Rd1
Rac8 28. Rdd4 b5 29. Rh4 Rc4 30. b3 Rxd4 31. Nxd4 g5 32. Nxe6 Qxe6 33. Rxh5 Qg6
34. g4 Rf4 35. Qg3 Kg7 36. Qe3 Qb1+ 37. Kg2 Qe4+ 38. Qxe4 Rxe4 39. Kf3 Rxe5 40.
h4 Kg6 1-0

[Event "4rd Memory of Nebesna Sotnya-2017 B"]
[Site "Lutsk"]
[Date "2017.02.17"]
[Round "6.2"]
[White "Bernadskiy, Vitaliy"]
[Black "Budnikov, Oleg"]
[Result "0-1"]
[WhiteElo "2507"]
[BlackElo "2418"]
[PlyCount "108"]
[EventDate "2017.02.17"]
[EventType "swiss (blitz)"]
[EventRounds "15"]
[EventCountry "UKR"]

1. d4 g6 2. e4 Bg7 3. Nc3 d6 4. f4 a6 5. Nf3 b5 6. Bd3 Bb7 7. O-O Nd7 8. f5 c5
9. d5 Ngf6 10. a3 Ng4 11. Be2 Nge5 12. Bf4 Nxf3+ 13. Bxf3 Ne5 14. Be2 Qb6 15.
Kh1 Bc8 16. Qd2 h6 17. Rae1 Bd7 18. Nd1 a5 19. Ne3 g5 20. Bg3 h5 21. a4 Bf6 22.
axb5 Bxb5 23. b3 Bxe2 24. Qxe2 a4 25. Bxe5 Bxe5 26. Nc4 Qa6 27. Nxe5 Qxe2 28.
Rxe2 dxe5 29. Ra1 a3 30. Ra2 Kd7 31. Kg1 f6 32. Re3 Rhb8 33. Rc3 Rb4 34. Rc4
Rxc4 35. bxc4 Ra4 36. Kf2 Rxc4 37. Rxa3 Rxe4 38. c3 Kd6 39. Ra7 Rc4 40. Ra8
Kxd5 41. Rd8+ Ke4 42. Re8 Rxc3 43. Rxe7 h4 44. Rc7 Rc2+ 45. Kf1 Kxf5 46. h3 Kf4
47. Rc6 f5 48. Kg1 e4 49. Kh2 c4 50. Rc5 c3 51. Rc8 e3 52. Rc4+ Ke5 53. Rc8 e2
54. Re8+ Kd4 0-1

[Event "4rd Memory of Nebesna Sotnya-2017 B"]
[Site "Lutsk"]
[Date "2017.02.17"]
[Round "6.3"]
[White "Fingerov, Dmitry"]
[Black "Gritsak, Orest"]
[Result "0-1"]
[WhiteElo "2335"]
[BlackElo "2497"]
[PlyCount "131"]
[EventDate "2017.02.17"]
[EventType "swiss (blitz)"]
[EventRounds "15"]
[EventCountry "UKR"]

1. e4 c5 2. c3 d5 3. exd5 Qxd5 4. d4 Nf6 5. Nf3 e6 6. Na3 a6 7. Nc4 Nbd7 8. Be2
cxd4 9. Qxd4 Bc5 10. Qxd5 Nxd5 11. Nfe5 Nxe5 12. Nxe5 f6 13. Nd3 Bd6 14. Bf3
Ne7 15. Be3 Kf7 16. O-O-O Bc7 17. Bf4 e5 18. Bg3 Nf5 19. Nc5 Rb8 20. Nd7 Ra8
21. Nc5 Ra7 22. Ne4 Be6 23. Bg4 h5 24. Bh3 h4 25. Nc5 Bc8 26. Nd7 Ne7 27. Nxe5+
fxe5 28. Bxc8 hxg3 29. Bd7 gxh2 30. Rd3 e4 31. Rd4 Rd8 32. g3 Bb6 33. Rdd1 Bxf2
34. Rxh2 e3 35. Bg4 Rxd1+ 36. Kxd1 b5 37. Ke2 Ng8 38. Bf3 Nf6 39. Rh8 Rd7 40.
Bc6 Rd2+ 41. Kf3 Rxb2 42. Rc8 Rxa2 43. g4 g5 44. Rc7+ Ke6 45. Bb7 a5 46. Rc6+
Ke7 47. Rc5 b4 48. cxb4 axb4 49. Rb5 Rb2 50. Bc8 Bg1 51. Bf5 e2 52. Re5+ Kf7
53. Rxe2 Rxe2 54. Kxe2 Bd4 55. Kd3 Bc3 56. Kc4 Ke7 57. Bc8 Kd6 58. Kb3 Ke5 59.
Kc4 Kf4 60. Be6 Nxg4 61. Bd5 Ne5+ 62. Kb3 g4 63. Bg2 g3 64. Kc2 Ke3 65. Kb3 Kf2
66. Bf1 0-1

[Event "4rd Memory of Nebesna Sotnya-2017 B"]
[Site "Lutsk"]
[Date "2017.02.17"]
[Round "6.4"]
[White "Klymchuk, Andriy"]
[Black "Grekh, Andrey"]
[Result "1/2-1/2"]
[WhiteElo "2495"]
[BlackElo "2347"]
[PlyCount "33"]
[EventDate "2017.02.17"]
[EventType "swiss (blitz)"]
[EventRounds "15"]
[EventCountry "UKR"]

1. g3 Nf6 2. Bg2 d5 3. Nf3 e6 4. O-O b6 5. c4 Bb7 6. cxd5 Bxd5 7. Nc3 Bb7 8. d3
Be7 9. a3 O-O 10. b4 a5 11. Rb1 axb4 12. axb4 Nbd7 13. Qc2 Nd5 14. Nxd5 Bxd5
15. Bf4 c5 16. bxc5 Nxc5 17. Ra1 1/2-1/2

[Event "4rd Memory of Nebesna Sotnya-2017 B"]
[Site "Lutsk"]
[Date "2017.02.17"]
[Round "6.5"]
[White "Mirzoev, Emil"]
[Black "Solovchuk, Alexey"]
[Result "0-1"]
[WhiteElo "2463"]
[BlackElo "2356"]
[PlyCount "100"]
[EventDate "2017.02.17"]
[EventType "swiss (blitz)"]
[EventRounds "15"]
[EventCountry "UKR"]

1. d4 Nf6 2. c4 e6 3. Nc3 d5 4. cxd5 exd5 5. Bg5 c6 6. e3 Be7 7. Bd3 O-O 8. Qc2
Nbd7 9. Nf3 Re8 10. O-O Nf8 11. Rae1 Bg4 12. Ne5 Bh5 13. f4 N6d7 14. Bxe7 Qxe7
15. Qf2 f6 16. Nxd7 Qxd7 17. f5 Bf7 18. Ne2 Rac8 19. Nf4 c5 20. dxc5 Rxc5 21.
Qh4 d4 22. e4 Rce5 23. Rf3 Qd6 24. Rg3 Rxf5 25. Rf1 Rfe5 26. Ne2 Ng6 27. Qg4
Rg5 28. Qf3 Ne5 29. Qf4 Rxg3 30. Nxg3 Qd7 31. Rd1 Be6 32. Qf1 a6 33. h3 Bxa2
34. Bc2 Be6 35. Kh2 Qc7 36. Bb1 Rd8 37. Kg1 d3 38. Nh5 Bf7 39. Nf4 d2 40. Qf2
Nc4 41. b3 Na3 42. Ba2 Qc2 43. Qe2 Qxa2 44. e5 Qxb3 45. e6 Bxe6 46. Nxe6 Re8
47. Rxd2 Qxe6 48. Qf3 Nc4 49. Rd4 b5 50. Rd1 Qe3+ 0-1